Schaum's outline of theory and problems of differential equations / (Record no. 543776)
[ view plain ]
| 000 -LEADER | |
|---|---|
| fixed length control field | 00825pam a2200229 a 4500 |
| 020 ## - INTERNATIONAL STANDARD BOOK NUMBER | |
| International Standard Book Number | 0070080194 |
| 082 00 - DEWEY DECIMAL CLASSIFICATION NUMBER | |
| Classification number | 515.35 |
| Author Mark | AYR |
| -- | L-1, P-30. |
| 100 1# - MAIN ENTRY--PERSONAL NAME | |
| Personal name | Ayres, Frank. |
| 9 (RLIN) | 8744 |
| 245 10 - TITLE STATEMENT | |
| Title | Schaum's outline of theory and problems of differential equations / |
| Statement of responsibility, etc. | Ayres Frank |
| 260 ## - PUBLICATION, DISTRIBUTION, ETC. | |
| Place of publication, distribution, etc. | New York : |
| Name of publisher, distributor, etc. | Schaum's Publications, |
| Date of publication, distribution, etc. | c1952. |
| 300 ## - PHYSICAL DESCRIPTION | |
| Extent | x, 293 p. : |
| Other physical details | ill. ; |
| Dimensions | 28 cm. |
| 500 ## - GENERAL NOTE | |
| General note | Includes index. |
| 500 ## - GENERAL NOTE | |
| General note | Updated ed. of Schaum's outline of modern introductory differential equations. c1973. |
| 526 ## - STUDY PROGRAM INFORMATION NOTE | |
| Program name | 0 |
| Interest level | 0 |
| Reading level | 0 |
| Title point value | 515_350000000000000_AYR |
| 526 ## - STUDY PROGRAM INFORMATION NOTE | |
| Program name | 0 |
| Interest level | 0 |
| Reading level | 0 |
| Title point value | 515_350000000000000_AYR |
| 526 ## - STUDY PROGRAM INFORMATION NOTE | |
| Program name | 0 |
| Interest level | 0 |
| Reading level | 0 |
| Title point value | 515_350000000000000_AYR |
| 526 ## - STUDY PROGRAM INFORMATION NOTE | |
| Program name | 0 |
| Interest level | 0 |
| Reading level | 0 |
| Title point value | 515_350000000000000_AYR |
| 650 #0 - SUBJECT ADDED ENTRY--TOPICAL TERM | |
| Topical term or geographic name entry element | Differential equations. |
| 9 (RLIN) | 688 |
| 650 #0 - SUBJECT ADDED ENTRY--TOPICAL TERM | |
| Topical term or geographic name entry element | MCE |
| 9 (RLIN) | 379 |
| 700 1# - ADDED ENTRY--PERSONAL NAME | |
| Personal name | Bronson, Richard. |
| 9 (RLIN) | 36440 |
| 942 ## - ADDED ENTRY ELEMENTS (KOHA) | |
| Source of classification or shelving scheme | |
| Koha item type | Book |
| Withdrawn status | Lost status | Source of classification or shelving scheme | Damaged status | Not for loan | Permanent Location | Current Location | Date acquired | Total Checkouts | Full call number | Barcode | Date last seen | Price effective from | Koha item type |
|---|---|---|---|---|---|---|---|---|---|---|---|---|---|
| Military College of Engineering (MCE) | Military College of Engineering (MCE) | 04/02/2014 | 515.35 AYR | MCE-2163 | 04/02/2014 | 04/02/2014 | Book | ||||||
| Military College of Engineering (MCE) | Military College of Engineering (MCE) | 04/09/2014 | 515.35 AYR | MCE-2163/1 | 04/09/2014 | 04/09/2014 | Book | ||||||
| Military College of Engineering (MCE) | Military College of Engineering (MCE) | 04/09/2014 | 515.35 AYR | MCE-2162 | 04/09/2014 | 04/09/2014 | Book | ||||||
| Military College of Engineering (MCE) | Military College of Engineering (MCE) | 04/09/2014 | 515.35 AYR | MCE-29091 | 04/09/2014 | 04/09/2014 | Book |
